Stav príprav SR na vstup do NATO
Slovenská politická scéna (vládna koalícia, opozícia) a jej názory na vstup Slovenska do európskych štruktúr a NATO. Problém ratifikácie slovensko-maďarskej zmluvy. Etnické problémy (maďarská menšina) - otázka politickej stability a bezpečnostná otázka. Príklon Slovenska ku koncepcii nového bezpečno...
Salvato in:
| Autore principale: | |
|---|---|
| Natura: | Capitolo di libro |
| Lingua: | slovacco |
| Soggetti: | |
| Tags: |
Nessun Tag, puoi essere il primo ad aggiungerne!!
|
MARC
| LEADER | 00000naa a2200000 4500 | ||
|---|---|---|---|
| 001 | r018851 | ||
| 005 | 20221208130937.4 | ||
| 041 | 0 | |a slo | |
| 044 | |a CZ | ||
| 245 | 1 | 0 | |a Stav príprav SR na vstup do NATO |c M. Kusý |
| 520 | |a Slovenská politická scéna (vládna koalícia, opozícia) a jej názory na vstup Slovenska do európskych štruktúr a NATO. Problém ratifikácie slovensko-maďarskej zmluvy. Etnické problémy (maďarská menšina) - otázka politickej stability a bezpečnostná otázka. Príklon Slovenska ku koncepcii nového bezpečnostného systému cez kolektívnu (NATO, Západoeurópska bezpečnostná únia) a kooperatívnu (OBSE) bezpečnosť. Armáda SR a jej problémy. Politické vzťahy slovenskej vlády s Ruskom. | ||
| 610 | 2 | 0 | |a bezpečnosť európska |
| 610 | 2 | 0 | |a integrácia |
| 610 | 2 | 0 | |a menšiny národnostné |
| 610 | 2 | 0 | |a Európa |
| 610 | 2 | 0 | |a Slovensko |
| 610 | 2 | 0 | |a NATO |
| 610 | 2 | 0 | |a OBSE |
| 610 | 2 | 0 | |a Rusko |
| 100 | 1 | |a Kusý, M. | |